LEADER 01078nam a2200229 u 4500 001 000000022679 003 CaOOAMICUS 005 20070226111143.0 008 070226s1966 sp u000 u spa u 035 $a10569712 040 $aPUL(R)$bita 100 1 $aRabade Romeo, Sergio.$0(OLS)http://pul/name/19235 245 10$aGuillermo de Ockham y la filosofía del siglo XIV /$cSergio Rabade Romeo. 260 $aMadrid :$bConsejo superior de investigaciones científicas :$bInstituto " Luis Vives " de fiflosofía,$c1966. 300 $axii, 189 p. ;$c25 cm 600 14$aOckham, William,$dc. 1285-c. 1349.$0(OLS)http://pul/subject/2266 850 $aPUL 852 $aPUL$W1$xSL Filosofia 1$y2$m97 H 37$j31806$nBK-PRI$b $qStampati$B31806$CPULBib$Z2$F31806 $H $81 941 1 $a8 961 $aINV: 36151 996 $6245$aGuillermo de Ockham y la filosofía del siglo XIV$9(OLS)http://pul/title/31586 996 $6260$aMadrid :$bConsejo superior de investigaciones científicas :$bInstituto " Luis Vives " de fiflosofía$9(OLS)http://pul/publisher/57750 LEADER 01248nam a2200313 u 4500 001 000000055213 003 CaOOAMICUS 005 20070226115747.0 008 010119s1944 it u000 u ita u 035 $a10865866 040 $aPUL(R)$bita 100 1 $aBrucculeri, Angelo,$cS.I.,$d1879-1969.$0(OLS)http://pul/name/5599 245 13$aLa Chiesa e la Civiltà /$cAngelo Brucculeri. 260 $aRoma :$bLa Civiltà Cattolica,$c1944. 300 $a62 p. ;$c23 cm 490 1 $aLe Dottrine sociali del cattolicismo ;$vQuaderno 9 650 4$aChiesa e civiltà.$0(OLS)http://pul/subject/661 650 4$aSociologia.$0(OLS)http://pul/subject/2611 830 3$aLe Dottrine sociali del cattolicismo ;$vQuaderno 9.$0(OLS)http://pul/title/22526 850 $aPUL 852 $aPUL$W1$xDP1 Fondo Giannini$y60$m1562 E 41$j72647$nBK-PRI$b $qFondi$B72647$CPULBib$Z2$F72647 $H $81 941 1 $a1 960 $aSociology$92611 960 $aSociology$92611 960 $aScienze sociali$92611 960 $aScienze sociali$92611 961 $aINV: Fondo Giannini 996 $6245$aLa Chiesa e la Civiltà$9(OLS)http://pul/title/73960 996 $6260$aRoma :$bLa Civiltà Cattolica$9(OLS)http://pul/publisher/50881